[Event "45th FIDE Chess Olympiad Open"]
[Site "Budapest, Hungary"]
[Date "2024.09.22"]
[Round "11"]
[White "Pride, Avian"]
[Black "Carpenter, Paul A"]
[Result "1-0"]
[Board "290"]
[WhiteFideId "10401202"]
[BlackFideId "408930"]
[WhiteElo "1743"]
[BlackElo "1985"]
[WhiteTeam "Bahamas"]
[BlackTeam "Jersey"]
[WhiteClock "0:05:37"]
[BlackClock "0:01:09"]
[Variant "Standard"]

1. d4 {[%clk 1:30:31]}  d6 {[%clk 1:30:45]} 2. c4 {[%clk 1:30:47]}  Nf6 {[%clk 1:30:22]} 3. Nc3 {[%clk 1:30:58]}  Nbd7 {[%clk 1:30:12]} 4. e4 {[%clk 1:30:06]}  e5 {[%clk 1:30:19]} 5. d5 {[%clk 1:30:30]}  Be7 {[%clk 1:30:18]} 6. Be2 {[%clk 1:30:34]}  h6 {[%clk 1:29:35]} 7. Nf3 {[%clk 1:30:39]}  Nf8 {[%clk 1:29:00]} 8. Qc2 {[%clk 1:30:43]}  Bg4 {[%clk 1:26:02]} 9. Bd2 {[%clk 1:29:54]}  Bh5 {[%clk 1:09:18]} 10. h3 {[%clk 1:29:24]}  g5 {[%clk 1:07:05]} 11. O-O-O {[%clk 1:27:39]}  Bg6 {[%clk 1:05:25]} 12. Be3 {[%clk 1:27:39]}  b6 {[%clk 0:42:32]} 13. Nd2 {[%clk 1:23:33]}  N8d7 {[%clk 0:41:05]} 14. g3 {[%clk 1:21:46]}  Rc8 {[%clk 0:28:16]} 15. f4 {[%clk 1:18:36]}  gxf4 {[%clk 0:24:49]} 16. gxf4 {[%clk 1:18:49]}  exf4 {[%clk 0:25:15]} 17. Bxf4 {[%clk 1:18:54]}  Nh5 {[%clk 0:24:51]} 18. Bh2 {[%clk 1:12:39]}  Ng7 {[%clk 0:16:23]} 19. Rdf1 {[%clk 1:11:44]}  O-O {[%clk 0:15:36]} 20. Rhg1 {[%clk 1:08:55]}  Re8 {[%clk 0:06:48]} 21. Bg4 {[%clk 1:06:38]}  Bg5 {[%clk 0:05:04]} 22. Bf4 {[%clk 1:06:44]}  Rb8 {[%clk 0:04:48]} 23. Bxg5 {[%clk 0:54:52]}  hxg5 {[%clk 0:05:09]} 24. Bxd7 {[%clk 0:46:31]}  Qxd7 {[%clk 0:05:35]} 25. Nf3 {[%clk 0:46:48]}  Qxh3 {[%clk 0:05:04]} 26. Nxg5 {[%clk 0:46:14]}  Qh6 {[%clk 0:03:14]} 27. Kb1 {[%clk 0:44:41]}  Re5 {[%clk 0:03:15]} 28. Nf3 {[%clk 0:44:04]}  Rh5 {[%clk 0:03:39]} 29. Qc1 {[%clk 0:34:58]}  Qxc1+ {[%clk 0:03:40]} 30. Kxc1 {[%clk 0:35:18]}  Re8 {[%clk 0:03:54]} 31. Re1 {[%clk 0:33:51]}  a6 {[%clk 0:04:14]} 32. Rg4 {[%clk 0:30:53]}  Rh3 {[%clk 0:01:50]} 33. Ng5 {[%clk 0:29:36]}  Rh2 {[%clk 0:02:07]} 34. Rf1 {[%clk 0:28:26]}  Re7 {[%clk 0:01:59]} 35. Nf3 {[%clk 0:25:56]}  Rh7 {[%clk 0:01:35]} 36. Nh4 {[%clk 0:21:49]}  Bh5 {[%clk 0:00:43]} 37. Rg3 {[%clk 0:22:07]}  Kf8 {[%clk 0:00:37]} 38. Rfg1 {[%clk 0:16:46]}  Re5 {[%clk 0:00:47]} 39. Kd2 {[%clk 0:15:49]}  b5 {[%clk 0:00:45]} 40. cxb5 {[%clk 0:14:58]}  axb5 {[%clk 0:01:07]} 41. Kd3 {[%clk 0:15:12]}  b4 {[%clk 0:26:10]} 42. Nb5 {[%clk 0:43:07]}  Be2+ {[%clk 0:21:09]} 43. Kxe2 {[%clk 0:43:29]}  Rxe4+ {[%clk 0:21:35]} 44. Kd3 {[%clk 0:43:54]}  Rexh4 {[%clk 0:21:48]} 45. Nxc7 {[%clk 0:43:36]}  Nh5 {[%clk 0:14:15]} 46. Rg4 {[%clk 0:40:16]}  Nf6 {[%clk 0:12:03]} 47. Rc4 {[%clk 0:38:28]}  Rh2 {[%clk 0:08:16]} 48. Rf4 {[%clk 0:28:29]}  R7h3+ {[%clk 0:07:28]} 49. Kd4 {[%clk 0:25:36]}  Rd2+ {[%clk 0:06:28]} 50. Kc4 {[%clk 0:25:04]}  Rc2+ {[%clk 0:05:20]} 51. Kb5 {[%clk 0:23:45]}  Nxd5 {[%clk 0:02:00]} 52. Nxd5 {[%clk 0:23:25]}  Rc5+ {[%clk 0:02:22]} 53. Kxb4 {[%clk 0:23:46]}  Rxd5 {[%clk 0:02:45]} 54. Rgf1 {[%clk 0:24:03]}  Rd2 {[%clk 0:01:57]} 55. Rxf7+ {[%clk 0:24:00]}  Ke8 {[%clk 0:02:24]} 56. R7f2 {[%clk 0:22:10]}  Rd4+ {[%clk 0:02:07]} 57. Kb5 {[%clk 0:22:28]}  Kd7 {[%clk 0:01:49]} 58. Rf7+ {[%clk 0:22:22]}  Ke6 {[%clk 0:02:09]} 59. R1f6+ {[%clk 0:21:49]}  Ke5 {[%clk 0:02:38]} 60. Rf5 {[%clk 0:22:02]}  Ke6 {[%clk 0:03:02]} 61. R7f6+ {[%clk 0:21:37]}  Kd7 {[%clk 0:03:08]} 62. Rf4 {[%clk 0:20:23]}  Rd2 {[%clk 0:02:31]} 63. Rf7+ {[%clk 0:15:49]}  Ke6 {[%clk 0:02:48]} 64. R4f6+ {[%clk 0:15:40]}  Ke5 {[%clk 0:02:26]} 65. Rf2 {[%clk 0:15:20]}  Rh2 {[%clk 0:01:36]} 66. Re7 {[%clk 0:15:36]}  Kd4 {[%clk 0:01:32]} 67. Rf4+ {[%clk 0:15:21]}  Kd3 {[%clk 0:01:45]} 68. Rf3+ {[%clk 0:14:48]}  Kd4 {[%clk 0:01:40]} 69. b4 {[%clk 0:12:44]}  Rxa2 {[%clk 0:01:55]} 70. Rf4+ {[%clk 0:11:31]}  Kd5 {[%clk 0:01:39]} 71. Rf1 {[%clk 0:11:42]}  Kd4 {[%clk 0:01:48]} 72. Kb6 {[%clk 0:09:37]}  Rab2 {[%clk 0:01:33]} 73. Rf4+ {[%clk 0:08:50]}  Kd5 {[%clk 0:01:32]} 74. b5 {[%clk 0:08:19]}  Rh3 {[%clk 0:01:23]} 75. Rf5+ {[%clk 0:08:23]}  Kd4 {[%clk 0:01:45]} 76. Rf6 {[%clk 0:07:41]}  d5 {[%clk 0:01:01]} 77. Rc7 {[%clk 0:06:49]}  Rhb3 {[%clk 0:00:56]} 78. Rc5 {[%clk 0:06:50]}  Ke5 {[%clk 0:00:43]} 79. Rh6 {[%clk 0:06:52]}  Rd2 {[%clk 0:00:53]} 80. Rh5+ {[%clk 0:06:37]}  Ke4 {[%clk 0:01:14]} 81. Kc6 {[%clk 0:06:43]}  Rbd3 {[%clk 0:00:39]} 82. b6 {[%clk 0:06:47]}  d4 {[%clk 0:00:53]} 83. b7 {[%clk 0:06:52]}  Rb2 {[%clk 0:00:43]} 84. Rhe5+ {[%clk 0:05:24]}  Kf4 {[%clk 0:00:58]} 85. Rf5+ {[%clk 0:05:09]}  Ke3 {[%clk 0:01:19]} 86. Rce5+ {[%clk 0:05:17]}  Kd2 {[%clk 0:01:09]} 87. Rf2+ {[%clk 0:05:37]} 1-0

[Event "45th FIDE Chess Olympiad Open"]
[Site "Budapest, Hungary"]
[Date "2024.09.22"]
[Round "11"]
[White "Belzo, Krzysztof"]
[Black "Whyms, Chapell"]
[Result "1-0"]
[Board "291"]
[WhiteFideId "1126768"]
[BlackFideId "10400125"]
[WhiteTitle "CM"]
[WhiteElo "2076"]
[BlackElo "1701"]
[WhiteTeam "Jersey"]
[BlackTeam "Bahamas"]
[WhiteClock "0:20:09"]
[BlackClock "0:18:34"]
[Variant "Standard"]

1. d4 {[%clk 1:30:57]}  Nf6 {[%clk 1:30:34]} 2. c4 {[%clk 1:31:07]}  g6 {[%clk 1:30:49]} 3. g3 {[%clk 1:31:19]}  Bg7 {[%clk 1:30:49]} 4. Bg2 {[%clk 1:31:44]}  O-O {[%clk 1:31:07]} 5. Nf3 {[%clk 1:31:55]}  d6 {[%clk 1:31:32]} 6. O-O {[%clk 1:32:07]}  Nbd7 {[%clk 1:31:24]} 7. Qc2 {[%clk 1:31:33]}  e5 {[%clk 1:29:48]} 8. Rd1 {[%clk 1:30:03]}  Qe7 {[%clk 1:27:14]} 9. Nc3 {[%clk 1:29:49]}  c6 {[%clk 1:24:30]} 10. b3 {[%clk 1:26:53]}  a5 {[%clk 1:19:45]} 11. Ba3 {[%clk 1:24:31]}  exd4 {[%clk 1:18:57]} 12. Nxd4 {[%clk 1:23:52]}  Nc5 {[%clk 1:19:20]} 13. Rd2 {[%clk 1:15:25]}  Re8 {[%clk 1:09:49]} 14. Rad1 {[%clk 1:08:39]}  Bh6 {[%clk 1:08:10]} 15. e3 {[%clk 1:04:30]}  Bg4 {[%clk 1:08:31]} 16. Re1 {[%clk 1:00:56]}  Rad8 {[%clk 1:05:51]} 17. h3 {[%clk 0:49:25]}  Bc8 {[%clk 1:05:41]} 18. Kh2 {[%clk 0:49:07]}  Bf8 {[%clk 1:05:12]} 19. Red1 {[%clk 0:45:59]}  Rd7 {[%clk 0:56:35]} 20. Bb2 {[%clk 0:39:52]}  h5 {[%clk 0:56:46]} 21. h4 {[%clk 0:34:56]}  Rdd8 {[%clk 0:55:28]} 22. Re1 {[%clk 0:31:02]}  Ng4+ {[%clk 0:54:19]} 23. Kg1 {[%clk 0:31:08]}  Ne5 {[%clk 0:54:42]} 24. Nf3 {[%clk 0:20:45]}  Bf5 {[%clk 0:50:39]} 25. e4 {[%clk 0:20:29]}  Nxf3+ {[%clk 0:50:41]} 26. Bxf3 {[%clk 0:20:57]}  Bh3 {[%clk 0:50:52]} 27. Kh2 {[%clk 0:18:09]}  Be6 {[%clk 0:47:03]} 28. Nd5 {[%clk 0:11:31]}  cxd5 {[%clk 0:44:48]} 29. exd5 {[%clk 0:11:57]}  Bg7 {[%clk 0:30:49]} 30. dxe6 {[%clk 0:08:59]}  Nxe6 {[%clk 0:29:51]} 31. Bxg7 {[%clk 0:09:00]}  Kxg7 {[%clk 0:29:30]} 32. Bd5 {[%clk 0:08:10]}  Qd7 {[%clk 0:20:42]} 33. Qc3+ {[%clk 0:06:45]}  Kh7 {[%clk 0:20:47]} 34. Bxe6 {[%clk 0:06:30]}  fxe6 {[%clk 0:14:58]} 35. Qxa5 {[%clk 0:06:50]}  Rf8 {[%clk 0:15:19]} 36. Qb6 {[%clk 0:05:45]}  Rf6 {[%clk 0:15:05]} 37. Qd4 {[%clk 0:05:04]}  Qf7 {[%clk 0:14:10]} 38. Ree2 {[%clk 0:04:55]}  Qe7 {[%clk 0:11:31]} 39. Kg2 {[%clk 0:04:15]}  Rf5 {[%clk 0:10:31]} 40. Qe4 {[%clk 0:02:26]}  Qf7 {[%clk 0:08:57]} 41. Kg1 {[%clk 0:27:55]}  Re5 {[%clk 0:32:02]} 42. Qxe5 {[%clk 0:24:20]}  dxe5 {[%clk 0:31:34]} 43. Rxd8 {[%clk 0:24:43]}  Qf5 {[%clk 0:19:08]} 44. Red2 {[%clk 0:20:09]}  Qb1+ {[%clk 0:18:34]} 45. Rd1 {[%clk 0:20:09]} 1-0

[Event "45th FIDE Chess Olympiad Open"]
[Site "Budapest, Hungary"]
[Date "2024.09.22"]
[Round "11"]
[White "Skinner, Francis"]
[Black "Forbes, Garry"]
[Result "0-1"]
[Board "292"]
[WhiteFideId "10400796"]
[BlackFideId "10700331"]
[BlackTitle "CM"]
[WhiteElo "1628"]
[BlackElo "1858"]
[WhiteTeam "Bahamas"]
[BlackTeam "Jersey"]
[WhiteClock "0:20:08"]
[BlackClock "0:05:48"]
[Variant "Standard"]

1. e4 {[%clk 1:30:44]}  d5 {[%clk 1:30:55]} 2. exd5 {[%clk 1:30:44]}  Nf6 {[%clk 1:31:23]} 3. d4 {[%clk 1:29:46]}  Bg4 {[%clk 1:31:34]} 4. Nf3 {[%clk 1:28:25]}  Qxd5 {[%clk 1:31:27]} 5. Be2 {[%clk 1:25:59]}  Nc6 {[%clk 1:30:49]} 6. h3 {[%clk 1:18:46]}  Bxf3 {[%clk 1:22:01]} 7. Bxf3 {[%clk 1:18:47]}  Qd7 {[%clk 1:22:19]} 8. Be3 {[%clk 1:16:26]}  e6 {[%clk 1:21:31]} 9. O-O {[%clk 1:06:49]}  Be7 {[%clk 1:20:13]} 10. Re1 {[%clk 1:04:45]}  O-O {[%clk 1:19:10]} 11. c3 {[%clk 1:04:01]}  Rfe8 {[%clk 1:15:01]} 12. Nd2 {[%clk 1:03:35]}  e5 {[%clk 0:52:54]} 13. Bxc6 {[%clk 0:59:12]}  Qxc6 {[%clk 0:53:23]} 14. dxe5 {[%clk 0:57:07]}  Nd5 {[%clk 0:52:07]} 15. Qf3 {[%clk 0:53:53]}  Rad8 {[%clk 0:52:31]} 16. Bd4 {[%clk 0:49:39]}  Qa6 {[%clk 0:47:36]} 17. Ne4 {[%clk 0:46:43]}  Qg6 {[%clk 0:39:27]} 18. b4 {[%clk 0:38:21]}  Nxb4 {[%clk 0:24:29]} 19. Nf6+ {[%clk 0:24:21]}  gxf6 {[%clk 0:24:53]} 20. exf6 {[%clk 0:24:11]}  Bf8 {[%clk 0:22:51]} 21. Rxe8 {[%clk 0:21:55]}  Rxe8 {[%clk 0:23:20]} 22. cxb4 {[%clk 0:21:53]}  Bxb4 {[%clk 0:21:26]} 23. Qg4 {[%clk 0:20:27]}  Qxg4 {[%clk 0:20:38]} 24. hxg4 {[%clk 0:20:40]}  Re4 {[%clk 0:21:06]} 25. Bxa7 {[%clk 0:17:25]}  Rxg4 {[%clk 0:15:48]} 26. Rb1 {[%clk 0:17:37]}  b6 {[%clk 0:13:44]} 27. Bb8 {[%clk 0:17:34]}  Bd6 {[%clk 0:13:30]} 28. Re1 {[%clk 0:16:01]}  h5 {[%clk 0:13:36]} 29. Re8+ {[%clk 0:14:29]}  Kh7 {[%clk 0:14:04]} 30. f3 {[%clk 0:14:40]}  Rg8 {[%clk 0:09:56]} 31. Rxg8 {[%clk 0:11:28]}  Kxg8 {[%clk 0:10:25]} 32. Kf2 {[%clk 0:11:32]}  Kf8 {[%clk 0:06:58]} 33. Ke3 {[%clk 0:11:46]}  Ke8 {[%clk 0:07:26]} 34. Ke4 {[%clk 0:11:49]}  Kd7 {[%clk 0:07:13]} 35. Kf5 {[%clk 0:12:10]}  Kc8 {[%clk 0:04:37]} 36. Bxc7 {[%clk 0:11:47]}  Kxc7 {[%clk 0:03:55]} 37. Kg5 {[%clk 0:12:08]}  Kd7 {[%clk 0:03:57]} 38. Kxh5 {[%clk 0:12:26]}  Ke6 {[%clk 0:04:25]} 39. Kg5 {[%clk 0:09:26]}  Be5 {[%clk 0:04:54]} 40. g4 {[%clk 0:09:02]}  Bxf6+ {[%clk 0:05:21]} 41. Kf4 {[%clk 0:08:47]}  Be5+ {[%clk 0:04:03]} 42. Ke4 {[%clk 0:08:59]}  b5 {[%clk 0:01:16]} 43. g5 {[%clk 0:07:42]}  Bg7 {[%clk 0:27:29]} 44. f4 {[%clk 0:37:09]}  Kd6 {[%clk 0:27:04]} 45. f5 {[%clk 0:36:51]}  Kc5 {[%clk 0:17:16]} 46. g6 {[%clk 0:24:03]}  fxg6 {[%clk 0:17:07]} 47. fxg6 {[%clk 0:24:14]}  Kc4 {[%clk 0:13:35]} 48. Ke3 {[%clk 0:20:08]}  Kb4 {[%clk 0:05:48]} 0-1

[Event "45th FIDE Chess Olympiad Open"]
[Site "Budapest, Hungary"]
[Date "2024.09.22"]
[Round "11"]
[White "Celis, Joel"]
[Black "Gabriel, Davidson"]
[Result "0-1"]
[Board "293"]
[WhiteFideId "15400212"]
[BlackFideId "11901284"]
[WhiteTitle "FM"]
[WhiteElo "1929"]
[BlackElo "2043"]
[WhiteTeam "Macau"]
[BlackTeam "Haiti"]
[WhiteClock "0:01:01"]
[BlackClock "0:10:26"]
[Variant "Standard"]

1. d4 {[%clk 1:30:53]}  Nf6 {[%clk 1:30:49]} 2. Bf4 {[%clk 1:31:08]}  g6 {[%clk 1:30:28]} 3. Nd2 {[%clk 1:30:28]}  c5 {[%clk 1:26:01]} 4. c3 {[%clk 1:29:37]}  Qb6 {[%clk 1:25:48]} 5. Nc4 {[%clk 1:27:18]}  Qc6 {[%clk 1:25:38]} 6. Rc1 {[%clk 1:25:50]}  Bg7 {[%clk 1:25:22]} 7. Nf3 {[%clk 1:20:58]}  d6 {[%clk 1:25:08]} 8. g3 {[%clk 1:19:36]}  O-O {[%clk 1:24:42]} 9. Bg2 {[%clk 1:20:00]}  Qa6 {[%clk 1:25:00]} 10. Nfd2 {[%clk 1:17:27]}  cxd4 {[%clk 1:19:16]} 11. cxd4 {[%clk 1:17:09]}  Nc6 {[%clk 1:16:38]} 12. d5 {[%clk 1:14:55]}  Nb4 {[%clk 1:10:45]} 13. Ne3 {[%clk 1:14:06]}  Qxa2 {[%clk 1:08:40]} 14. Ndc4 {[%clk 1:12:22]}  Qa6 {[%clk 1:08:06]} 15. Qb3 {[%clk 1:09:51]}  Qb5 {[%clk 1:03:40]} 16. Nxd6 {[%clk 1:08:40]}  exd6 {[%clk 0:52:46]} 17. Bxd6 {[%clk 1:08:54]}  a5 {[%clk 0:52:55]} 18. Bxf8 {[%clk 1:08:42]}  Bxf8 {[%clk 0:53:06]} 19. O-O {[%clk 0:53:31]}  Qxe2 {[%clk 0:49:39]} 20. Rfd1 {[%clk 0:49:23]}  Ne8 {[%clk 0:34:45]} 21. Nc4 {[%clk 0:36:27]}  Bf5 {[%clk 0:34:14]} 22. Bf3 {[%clk 0:35:05]}  Qe7 {[%clk 0:28:56]} 23. d6 {[%clk 0:34:30]}  Qd8 {[%clk 0:29:12]} 24. d7 {[%clk 0:23:18]}  Nf6 {[%clk 0:27:07]} 25. Bxb7 {[%clk 0:20:48]}  Rb8 {[%clk 0:09:29]} 26. Ne5 {[%clk 0:19:38]}  Be6 {[%clk 0:09:37]} 27. Rc8 {[%clk 0:13:46]}  Rxc8 {[%clk 0:09:01]} 28. dxc8=Q {[%clk 0:13:22]}  Qxc8 {[%clk 0:09:15]} 29. Bxc8 {[%clk 0:06:59]}  Bxb3 {[%clk 0:09:32]} 30. Ra1 {[%clk 0:06:54]}  a4 {[%clk 0:09:27]} 31. Kf1 {[%clk 0:05:34]}  Bc5 {[%clk 0:09:32]} 32. Bb7 {[%clk 0:03:58]}  Bd4 {[%clk 0:09:44]} 33. Nf3 {[%clk 0:00:46]}  Bxb2 {[%clk 0:10:02]} 34. Rb1 {[%clk 0:00:51]}  a3 {[%clk 0:10:15]} 35. Nd2 {[%clk 0:01:01]}  Bc2 {[%clk 0:10:26]} 0-1

[Event "45th FIDE Chess Olympiad Open"]
[Site "Budapest, Hungary"]
[Date "2024.09.22"]
[Round "11"]
[White "Etienne, Angelo"]
[Black "Mak, Tong Kuan"]
[Result "1-0"]
[Board "294"]
[WhiteFideId "361096937"]
[BlackFideId "15400166"]
[BlackTitle "CM"]
[WhiteElo "2122"]
[BlackElo "1902"]
[WhiteTeam "Haiti"]
[BlackTeam "Macau"]
[WhiteClock "1:25:10"]
[BlackClock "0:05:24"]
[Variant "Standard"]

1. Nf3 {[%clk 1:30:51]}  d5 {[%clk 1:30:08]} 2. g3 {[%clk 1:31:15]}  g6 {[%clk 1:29:20]} 3. Bg2 {[%clk 1:31:09]}  Bg7 {[%clk 1:29:27]} 4. O-O {[%clk 1:31:37]}  Nf6 {[%clk 1:21:29]} 5. d4 {[%clk 1:31:11]}  O-O {[%clk 1:17:19]} 6. Nbd2 {[%clk 1:31:23]}  c6 {[%clk 1:07:12]} 7. a4 {[%clk 1:31:41]}  a5 {[%clk 1:01:59]} 8. Re1 {[%clk 1:29:47]}  Re8 {[%clk 0:51:37]} 9. Ra3 {[%clk 1:29:52]}  Nbd7 {[%clk 0:40:25]} 10. e4 {[%clk 1:28:22]}  Nxe4 {[%clk 0:39:22]} 11. Nxe4 {[%clk 1:28:51]}  dxe4 {[%clk 0:39:49]} 12. Rxe4 {[%clk 1:29:14]}  Nf6 {[%clk 0:39:32]} 13. Re1 {[%clk 1:27:45]}  Bg4 {[%clk 0:39:51]} 14. h3 {[%clk 1:27:51]}  Bxf3 {[%clk 0:39:19]} 15. Bxf3 {[%clk 1:28:13]}  Qd7 {[%clk 0:36:05]} 16. Rb3 {[%clk 1:27:47]}  e6 {[%clk 0:32:25]} 17. c3 {[%clk 1:27:51]}  Nd5 {[%clk 0:31:54]} 18. Kg2 {[%clk 1:25:30]}  Rad8 {[%clk 0:31:42]} 19. h4 {[%clk 1:25:35]}  b5 {[%clk 0:23:21]} 20. axb5 {[%clk 1:25:40]}  cxb5 {[%clk 0:23:49]} 21. Qe2 {[%clk 1:24:16]}  Rb8 {[%clk 0:23:12]} 22. h5 {[%clk 1:22:03]}  e5 {[%clk 0:20:53]} 23. hxg6 {[%clk 1:22:20]}  hxg6 {[%clk 0:21:00]} 24. Qe4 {[%clk 1:22:09]}  exd4 {[%clk 0:20:27]} 25. Qxd5 {[%clk 1:22:36]}  Qxd5 {[%clk 0:20:56]} 26. Rxe8+ {[%clk 1:23:03]}  Rxe8 {[%clk 0:20:25]} 27. Bxd5 {[%clk 1:23:31]}  Re1 {[%clk 0:15:27]} 28. Bf4 {[%clk 1:23:24]}  dxc3 {[%clk 0:12:04]} 29. bxc3 {[%clk 1:23:52]}  a4 {[%clk 0:10:27]} 30. Rxb5 {[%clk 1:24:15]}  Bxc3 {[%clk 0:10:44]} 31. Rb8+ {[%clk 1:23:59]}  Kg7 {[%clk 0:10:19]} 32. Rb7 {[%clk 1:24:25]}  Re2 {[%clk 0:05:08]} 33. Rxf7+ {[%clk 1:24:53]}  Kh8 {[%clk 0:05:29]} 34. Kf3 {[%clk 1:25:01]}  Rb2 {[%clk 0:05:24]} 35. Rb7 {[%clk 1:25:10]} 1-0

[Event "45th FIDE Chess Olympiad Open"]
[Site "Budapest, Hungary"]
[Date "2024.09.22"]
[Round "11"]
[White "Wong, Kai Meng"]
[Black "Volcimus, Ritchy David"]
[Result "1/2-1/2"]
[Board "295"]
[WhiteFideId "15400263"]
[BlackFideId "11902086"]
[WhiteElo "1795"]
[BlackElo "1948"]
[WhiteTeam "Macau"]
[BlackTeam "Haiti"]
[WhiteClock "0:02:09"]
[BlackClock "0:09:55"]
[Variant "Standard"]

1. d4 {[%clk 1:30:50]}  Nf6 {[%clk 1:30:54]} 2. Nf3 {[%clk 1:31:14]}  e6 {[%clk 1:31:18]} 3. c4 {[%clk 1:30:56]}  d5 {[%clk 1:31:42]} 4. Nc3 {[%clk 1:31:01]}  Be7 {[%clk 1:32:05]} 5. e3 {[%clk 1:31:10]}  O-O {[%clk 1:32:23]} 6. Bd3 {[%clk 1:31:00]}  a6 {[%clk 1:31:23]} 7. a4 {[%clk 1:30:09]}  b6 {[%clk 1:25:25]} 8. cxd5 {[%clk 1:28:46]}  exd5 {[%clk 1:25:42]} 9. O-O {[%clk 1:28:38]}  c5 {[%clk 1:25:28]} 10. Re1 {[%clk 1:25:23]}  Nc6 {[%clk 1:17:37]} 11. h3 {[%clk 1:19:54]}  Bb7 {[%clk 1:11:21]} 12. Bb1 {[%clk 1:11:27]}  Re8 {[%clk 1:04:05]} 13. Ne5 {[%clk 0:47:57]}  Bd6 {[%clk 0:52:30]} 14. f4 {[%clk 0:41:08]}  c4 {[%clk 0:50:13]} 15. g4 {[%clk 0:36:51]}  Na5 {[%clk 0:47:10]} 16. Bc2 {[%clk 0:20:34]}  Bb4 {[%clk 0:42:52]} 17. g5 {[%clk 0:09:08]}  Ne4 {[%clk 0:42:08]} 18. Bd2 {[%clk 0:04:05]}  Bxc3 {[%clk 0:39:37]} 19. Bxc3 {[%clk 0:04:01]}  Nc6 {[%clk 0:38:57]} 20. Bxe4 {[%clk 0:03:10]}  Nxe5 {[%clk 0:39:04]} 21. Bxh7+ {[%clk 0:03:13]}  Kxh7 {[%clk 0:39:25]} 22. dxe5 {[%clk 0:03:28]}  Bc8 {[%clk 0:38:09]} 23. Kg2 {[%clk 0:03:29]}  Bf5 {[%clk 0:38:26]} 24. Qd4 {[%clk 0:03:45]}  Qd7 {[%clk 0:37:15]} 25. e6 {[%clk 0:01:57]}  fxe6 {[%clk 0:37:31]} 26. Rad1 {[%clk 0:01:35]}  Qf7 {[%clk 0:37:02]} 27. Kg3 {[%clk 0:01:26]}  Re7 {[%clk 0:35:29]} 28. Rh1 {[%clk 0:01:16]}  Qh5 {[%clk 0:34:34]} 29. Rdf1 {[%clk 0:01:20]}  Rh8 {[%clk 0:33:15]} 30. Qxb6 {[%clk 0:01:36]}  Kg6 {[%clk 0:33:39]} 31. Qd6 {[%clk 0:01:30]}  Be4 {[%clk 0:22:19]} 32. h4 {[%clk 0:00:38]}  Rhe8 {[%clk 0:20:02]} 33. Rh2 {[%clk 0:00:45]}  Bf5 {[%clk 0:20:01]} 34. Rg1 {[%clk 0:01:04]}  Be4 {[%clk 0:19:52]} 35. Rf1 {[%clk 0:01:21]}  Bd3 {[%clk 0:12:42]} 36. Re1 {[%clk 0:01:26]}  Be4 {[%clk 0:09:35]} 37. Rf1 {[%clk 0:01:49]}  Bd3 {[%clk 0:09:55]} 38. Re1 {[%clk 0:02:09]} 1/2-1/2

[Event "45th FIDE Chess Olympiad Open"]
[Site "Budapest, Hungary"]
[Date "2024.09.22"]
[Round "11"]
[White "Wu, Li"]
[Black "Fancy, Stuart"]
[Result "1-0"]
[Board "297"]
[WhiteFideId "411086"]
[BlackFideId "9100024"]
[WhiteTitle "FM"]
[BlackTitle "FM"]
[WhiteElo "2325"]
[BlackElo "1921"]
[WhiteTeam "Isle of Man"]
[BlackTeam "Papua New Guinea"]
[WhiteClock "0:34:20"]
[BlackClock "0:53:23"]
[Variant "Standard"]

1. d4 {[%clk 1:30:57]}  d5 {[%clk 1:30:50]} 2. c4 {[%clk 1:31:18]}  dxc4 {[%clk 1:31:10]} 3. Nf3 {[%clk 1:31:32]}  Nf6 {[%clk 1:30:21]} 4. e3 {[%clk 1:31:49]}  b5 {[%clk 1:29:56]} 5. a4 {[%clk 1:31:22]}  c6 {[%clk 1:30:07]} 6. b3 {[%clk 1:30:31]}  Bg4 {[%clk 1:24:24]} 7. axb5 {[%clk 1:24:50]}  cxb5 {[%clk 1:24:03]} 8. bxc4 {[%clk 1:25:15]}  e5 {[%clk 1:20:06]} 9. cxb5 {[%clk 1:06:30]}  e4 {[%clk 1:14:45]} 10. h3 {[%clk 1:06:56]}  Bh5 {[%clk 1:14:49]} 11. g4 {[%clk 1:05:35]}  Nxg4 {[%clk 1:09:22]} 12. hxg4 {[%clk 0:53:09]}  Bxg4 {[%clk 1:09:34]} 13. Be2 {[%clk 0:53:31]}  Bxf3 {[%clk 1:08:23]} 14. Bxf3 {[%clk 0:53:58]}  exf3 {[%clk 1:08:38]} 15. Qxf3 {[%clk 0:54:19]}  Bb4+ {[%clk 1:07:45]} 16. Bd2 {[%clk 0:46:28]}  Bxd2+ {[%clk 1:08:07]} 17. Nxd2 {[%clk 0:46:55]}  Nd7 {[%clk 1:08:29]} 18. Qe4+ {[%clk 0:46:23]}  Kf8 {[%clk 1:08:52]} 19. Nc4 {[%clk 0:37:59]}  Rb8 {[%clk 0:57:11]} 20. Rxa7 {[%clk 0:34:03]}  Rxb5 {[%clk 0:53:47]} 21. Qc6 {[%clk 0:33:56]}  Rb1+ {[%clk 0:53:12]} 22. Ke2 {[%clk 0:34:05]}  Rxh1 {[%clk 0:53:23]} 23. Rxd7 {[%clk 0:34:20]} 1-0